Instrucción y examen de ordenandos / (Record no. 11692)

000 -CABECERA
fixed length control field 00742nam a22001937a 4500
003 - IDENTIFICADOR DEL NÚMERO DE CONTROL
control field AR-CdUCM
008 - DATOS DE LONGITUD FIJA--INFORMACIÓN GENERAL
fixed length control field 190404b ||||| |||| 00| 0 spa d
040 ## - FUENTE DE LA CATALOGACIÓN
Agencia/entidad que catalogó originalmente la obra MUNICIPALIDAD PROVINCIAL DEL CUSCO
Entidad que transcribió la catalogación BIBLIOTECA MUNICIPAL DEL CUSCO
082 ## - NÚMERO DE LA CLASIFICACIÓN DECIMAL DEWEY
No. de la edición 7ed.
No. de Clasificación 241 /
Notacion interna E17 / 1829
100 ## - ENTRADA PRINCIPAL--NOMBRE DE PERSONA
Nombre Personal Echarri, Francisco
245 ## - MENCIÓN DE TÍTULO
Título Instrucción y examen de ordenandos /
260 ## - PUBLICACIÓN, DISTRIBUCIÓN, ETC.
Lugar de publicación, distribución, etc. Madrid :
Nombre de la editorial, distribuidor, etc. Imp. de repullés,
Fecha de publicación, distribución, etc. 1829.
300 ## - DESCRIPCIÓN FÍSICA
Nº de Páginas Extensión 400 páginas ;
Dimensiones 15 cm.
505 ## - NOTA DE CONTENIDO CON FORMATO
Nota de contenido formateada Contenido: De las noticias que han de tener los ordenandos acerca de los misterios de la fé -- Noticias que han de tener los ordenandos de las oraciones ...
650 ## - PUNTO DE ACCESO ADICIONAL DE MATERIA--TÉRMINO DE MATERIA
Descriptor Doctrina cristiana
9 (RLIN) 29183
650 ## - PUNTO DE ACCESO ADICIONAL DE MATERIA--TÉRMINO DE MATERIA
Descriptor Estado clerical
9 (RLIN) 29184
942 ## - ELEMENTOS DE PUNTO DE ACCESO ADICIONAL (KOHA)
Fuente de clasificación
Tipo de item Libros-BMC
945 ## - PROCESAMIENTO DE INFORMACIÓN LOCAL (OCLC)
Catalogador acv
Holdings
Estado de retiro (separado) Fuente de clasificación o esquema de estanterías Estado dañado Ubicación Sala donde se ubica Nombre de la colección Fecha de adquisición o compra Costo, precio normal en soles Signatura topográfica Código de Barras Última vez visto (Koha) Tipo de ítem (Koha)
No     Sala Cusco Antiguo Sala Cusco Antiguo Book Cart 2019-04-04 60.00 241 / E17 / 1829 SCA0001580 2019-04-04 Libros-BMC

Powered by Koha